zpět

Detail výsledku týmu

A-Sport, Hradec Králové

Datum a čas kvízu

22 Celkem bodů Celkový počet nahraných bodů na tomto kvízu bez doplňovacích otázek.
8. Pořadí na kvízu Konečné umístění týmu na tomto kvízu.

Zaznamenané odpovědi

# Otázka Odpověď Body Výsledky
1. Pod názvem Liga mistrů se nejp... Marcel Desailly, Ajax Amsterdam 0
2. Finálové zápasy obecně na góly... D 1
3. Který španělský klub, jenž La... Valencia, Gaizka Mendieta 0.5
4. Ve kterém velkoměstě obývaném... v Istanbulu, Carlo Ancelotti 0.5
5. Znělka Ligy mistrů vychází ze... D 0
6. „Jeli jsme na zápas Ligy mistr... José Mourinho 1
7. „Bylo to šílené. Neměl jsem sí... Milan Baroš, Karel Jarolím 0.5
8. Velmi známé jsou u nás přepisy... černoprdelník 0
9. „V té sezóně jsem dostal celke... Paul Gascoigne 0
10. Který český trenér reagoval po... Petr Rada 1